[Event "IECG CP.2001.P.00036"]
[Site "IECG email"]
[Date "2001.10.01"]
[Round "?"]
[White "Santini, Alberto"]
[Black "Soares, Walace"]
[Result "1-0"]
[WhiteElo "1195"]
[BlackElo "800"]
[PlyCount "72"]
[EventDate "2001.10.01"]
[EventType "tourn (corr)"]
[EventRounds "6"]
[SourceTitle "Corr 2008"]
[Source "ChessBase"]
[SourceDate "2008.06.24"]
[SourceVersion "1"]
[SourceVersionDate "2008.06.24"]
[SourceQuality "1"]

1. e4 c5 2. Nf3 Nf6 3. d4 Na6 4. e5 Ne4 5. d5 Qa5+ 6. c3 d6 7. Bd3 f5 8. Nh4 c4 9. Bxe4 fxe4 10. Qh5+ Kd8 11. Ng6 Rg8 12. Nf4 g5 13. Qxh7 Rg7 14. Qh8 Rf7 15. Qg8 Ke8 16. Qxg5 Nc7 17. e6 Rg7 18. Qh5+ Kd8 19. Qf5 Ke8 20. Nh5 Rxg2 21. Qf7+ Kd8 22. Qxf8+ Ne8 23. Nf4 Rg5 24. h4 Rxd5 25. Nxd5 Qxd5 26. Bg5 Qxe6 27. Nd2 Bd7 28. 0-0-0 Ba4 29. Rde1 d5 30. f3 Kd7 31. fxe4 Nc7 32. Qf2 Re8 33. Qxa7 Bc6 34. exd5 Qxd5 35. Rhg1 Nb5 36. Qe3 Nd6 1-0

[Event "IECG CP.2001.P.00036"]
[Site "IECG email"]
[Date "2001.10.01"]
[Round "?"]
[White "Von Saleski, Marcel"]
[Black "Soares, Walace"]
[Result "1-0"]
[WhiteElo "1764"]
[BlackElo "800"]
[PlyCount "65"]
[EventDate "2001.10.01"]
[EventType "tourn (corr)"]
[EventRounds "6"]
[SourceTitle "Corr 2008"]
[Source "ChessBase"]
[SourceDate "2008.06.24"]
[SourceVersion "1"]
[SourceVersionDate "2008.06.24"]
[SourceQuality "1"]

1. e4 d5 2. exd5 Qxd5 3. Nc3 Qe5+ 4. Be2 Nf6 5. Nf3 Qa5 6. 0-0 Nc6 7. d4 Bg4 8. Bb5 0-0-0 9. Bxc6 bxc6 10. Qd3 Bxf3 11. Qxf3 Rxd4 12. Be3 Rc4 13. Rad1 h5 14. a3 e6 15. Bd4 e5 16. b4 Qxa3 17. Bxe5 Bxb4 18. Ra1 Rxc3 19. Qf5+ Nd7 20. Rxa3 Rxa3 21. Bxg7 Rd8 22. Qxh5 f6 23. h4 Bf8 24. Bxf8 Rxf8 25. Qf5 Ra2 26. h5 Rd8 27. h6 Ra4 28. h7 Rh4 29. Re1 Rh6 30. Re7 a5 31. Qe6 a4 32. Qxc6 Kb8 33. Rxd7 1-0